Nasledovanie Krista. /

Uložené v:
Podrobná bibliografia
Hlavný autor: Kempenský, Tomáš, 1379-1471 (Author)
Médium: Kniha
Jazyk:Slovak
Latin
Vydané: Trnava-Rím : Spolok sv. Vojtecha-Slovenský ústav sv. Cyrila a Metoda, 1993
Vydanie:1. vyd.
Témy:
ISBN: 8071620246 (brož.)
Fyzický popis: 371 s.
Tagy: Pridať tag
Žiadne tagy, Buďte prvý kto otaguje tento záznam!

MARC

LEADER 00000nam a2200000 a 4500
001 000071839
003 SVKK
005 20010430000000.0
008 010313s1993 xo e sloo
020 |a 8071620246 (brož.) 
040 |a SVKKK  |b slo  |c SVKKK  |e AACR2 
041 1 |a slo  |h lat 
044 |a xo  |c SK 
080 |a 232  |2 1997 
080 |a 242  |2 1997 
100 1 |a Kempenský, Tomáš,  |4 aut  |d 1379-1471 
245 1 0 |a Nasledovanie Krista. /  |c Tomáš Kempenský 
250 |a 1. vyd. 
260 |a Trnava-Rím :  |b Spolok sv. Vojtecha-Slovenský ústav sv. Cyrila a Metoda,  |c 1993 
300 |a 371 s. 
653 0 |a Ježiš Kristus  |2 SVKKKPH 
653 0 |a rozjímania  |2 SVKKKPH 
655 7 |a príručky  |2 SVKKKPH 
910 |a svkkk 
919 |a 80-7162-024-6 
974 |a MI  |d 20010313 
974 |a PA  |d 20010313 
974 |a PA  |d 20010430 
998 |a BK 
090 |g SCKHL  |k Sklad Hlavná 10 prízemie  |a I.64803  |j 862911  |i 2720144596  |s Absenčne